Ekologicky čalúnený nábytok

Salvato in:
Dettagli Bibliografici
Autore principale: Sovová, Laura (Autore)
Altri autori: Kotradyová, Veronika (Relatore della tesi)
Natura: Manoscritto Libro
Lingua:slovacco
Pubblicazione: 2024
Soggetti:
Accesso online:http://is.stuba.sk/zp/portal_zp.pl?podrobnosti=162157
Tags: Aggiungi Tag
Nessun Tag, puoi essere il primo ad aggiungerne!!

MARC

LEADER 00000ntm a22000003a 4500
001 stuzp99930
003 SK-STU
005 20240615211647.3
007 ta
008 150427s2015----xo-----f-mn---000-0-slo-d
040 |a STU  |b slo 
041 0 |a slo 
100 1 |a Sovová, Laura  |u 055150  |4 aut  |U FAD Fakulta architektúry a dizajnu  |T FAD Ústav interiéru a výstavníctva  |X 110391  |U A5150  |Y 396  |7 110391 
242 0 1 |a Ecological upholstered furniture  |y eng 
245 1 0 |a Ekologicky čalúnený nábytok 
260 |c 2024 
650 4 |a variabilita  |2 slo 
650 4 |a udržateľnosť  |2 slo 
650 4 |a zdravie  |2 slo 
650 4 |a čalúnenie  |2 slo 
650 4 |a sedací nábytok  |2 slo 
650 4 |a dizajn nábytku  |2 slo 
650 4 |a ekoprodukt  |2 slo 
650 4 |a životnosť  |2 slo 
650 4 |a ekologické navrhovanie  |2 slo 
650 4 |a ecoproduct  |2 eng 
650 4 |a ecological design  |2 eng 
650 4 |a sustainability  |2 eng 
650 4 |a furniture design  |2 eng 
650 4 |a durability  |2 eng 
650 4 |a health  |2 eng 
650 4 |a upholstery  |2 eng 
650 4 |a seating furniture  |2 eng 
650 4 |a variability  |2 eng 
700 1 |a Kotradyová, Veronika  |u 055150  |k Z1  |4 ths  |U FAD Fakulta architektúry a dizajnu  |T FAD Ústav interiéru a výstavníctva  |X 344  |U A5150  |Y 396  |7 A000000344 
856 4 |u http://is.stuba.sk/zp/portal_zp.pl?podrobnosti=162157